| 000 | 00502nam a2200157Ia 4500 | ||
|---|---|---|---|
| 001 | 48878 | ||
| 008 | 170207s1930 ii g b000 u 465 u | ||
| 082 | _a572.7 | ||
| 100 |
_aFrager, J. G. ., _eAuthor., |
||
| 245 | 0 |
_aBalder The Beautiful: The Pre-Festivals Of Europe And The Doctrine Of The External Soul / _cJ. G. Frager. _hTextual Documents |
|
| 250 | _a1st ed. / | ||
| 260 |
_aLondon : _bMacmillan and co , _c1930. |
||
| 300 |
_axi,389p. ; _c22 cm.. |
||
| 653 | _aT/G-Life Science | ||
| 942 |
_2ddc _cBK |
||
| 999 |
_c48843 _d48843 |
||